Maitrisez-vous les fuseaux horaires ? Facile 2 - Statistiques

Statistiques générales
  • Ce quiz a été pris 19 fois
  • Le résultat moyen est 5 sur 20
Statistiques - réponses
Hint Réponse % Correct
Zagreb Midi
53%
Vienne (Aut) Midi
47%
Cadix Midi
41%
Los Angeles 3 heures
35%
Erevan 14 heures
29%
Hanoï 17 heures
29%
Wellington (NZ) 22 heures
29%
Papeete Minuit
29%
Freetown (SL) 10 heures
24%
Ndjamena 11 heures
24%
Quezon City 18 heures
24%
Singapour 18 heures
24%
Bogota 5 heures
24%
Saint-Martin 6 heures
24%
Dacca 16 heures
18%
Kuala Lumpur 18 heures
18%
Abidjan 10 heures
12%
Yamoussoukro 10 heures
12%
Jaïpur 15h30
12%
Nouméa 21 heures
12%
Aucun quiz correspondant
Distribution des résultats
% des personnes avec chaque résultat
Percentile par nombre de réponses
Votre historique - résultats
Vous n’avez pas pris ce quiz